00838nam a22001817a 450000500170000000800410001702000180005804000070007608200220008310000190010524500280012426000460015230000260019836500130022452003660023765000320060370000210063520220409114912.0220409b ||||| |||| 00| 0 eng d a9780749305048 cAL 223a324.268bMANN aNelson Mandela aNo easy walk to freedom aLondonbHeinemann Educational Booksc1965 a189 p.bPBc17x11 cm. c$d$9.95 aThis collection of Nelson Mandela's speeches, and letter writing vividly illustrates the magnetic attractions of one of the foremost campaigners for freedom the world has known. This collection, with its revised notes and introduction, chronicles of the life and thoughts of a man whose name is synonymous with the fight for human rights and self-determination. aSouth Africa Race relations aMANDELA (Nelson)